Klicke die Länder auf einer grenzenlosen Karte an #1 - Statistiken

Allgemein
  • Dieses Quiz wurde 1.457 mal gespielt
  • Das Durchschnittsergebnis liegt bei 19 aus 25
Antworten auf der Karte
Die Antworten werden auf der Karte rot bzw. grün angezeigt, abhängig davon wie oft sie richtig erraten wurden.
 
Antwortstatistiken
Antwort % Korrekt
Brasilien
99%
Indien
98%
Neuseeland
95%
Mexiko
94%
Schweden
94%
Chile
91%
Ägypten
89%
Marokko
88%
Jemen
80%
Portugal
79%
Papua-Neuguinea
77%
Türkei
74%
Deutschland
73%
Irland
69%
Südafrika
68%
Malaysia
65%
Nordkorea
64%
Nigeria
63%
Kuba
62%
Iran
60%
Nicaragua
60%
Seychellen
60%
Vietnam
60%
Kasachstan
57%
Kenia
48%
Keine übereinstimmenden Quizze gefunden
Verteilung der Resultate
Anzahl Personen mit jedem Resultat
Perzentil nach korrekt beantworteten Fragen
Ihre Resultats-Entwicklung
Sie haben dieses Quiz noch nicht gespielt